000
00225nam a22001097a 4500
003
OSt
008
231116b |||||||| |||| 00| 0 eng d
041
_a
mal
100
_a
Vayalar Ramavarma
_9
5687
245
_a
Aysha
942
_c
BK
999
_c
17965
_d
17965